000
00321nam a2200133Ia 4500
005
20260326235443.0
008
260326s9999||||xx |||||||||||||| ||und||
100
_a
Carr, Stephen
245
0
_a
Public Space /
_c
Stephen Carr
260
_b
Cambridge University Press
300
_a
400 p.
650
_a
URBANISMO
942
_c
BK
999
_c
7500
_d
7500